Govt. of
Madhya Pradesh

Normal view MARC view

Entry Topical Term

Number of records used in: 1

001 - CONTROL NUMBER

  • control field: 70741

003 - CONTROL NUMBER IDENTIFIER

  • control field: OSt

005 - DATE AND TIME OF LATEST TRANSACTION

  • control field: 20180225152907.0

008 - FIXED-LENGTH DATA ELEMENTS

  • fixed length control field: 180225|| aca||aabn | a|a d

040 ## - CATALOGING SOURCE

  • Original cataloging agency: OSt
  • Transcribing agency: OSt

150 ## - HEADING--TOPICAL TERM

  • Topical term or geographic name entry element: लिटरेचर,

670 ## - SOURCE DATA FOUND

  • Source citation: Work cat.: (OSt)9362: सक्‍सेना, राजीव 52705, साहि‍त्‍य और समाज एक दष्‍टि‍कोण, 2004